Statistics for Furthest Inland Capital Cities by Continent

Click here to take the quiz!

General Stats

  • This quiz has been taken 1,968 times
  • The average score is 18 of 30

Answer Stats

kmcapital% Correct
476Ottawa
88%
828Moscow
84%
917Brasília
81%
246Mexico City
80%
109Canberra
76%
522Sucre
76%
1311Ulaanbaatar
75%
1661Nur-Sultan
73%
363Bogotá
72%
904Asunción
69%
429Kyiv
69%
0.5Wellington
67%
1784Tashkent
66%
422Budapest
65%
426Minsk
65%
427Prague
64%
81Guatemala City
62%
163Quito
61%
2081Bishkek
60%
1478Dushanbe
54%
1089N'Djamena
52%
53San Jose
51%
76Tegucigalpa
50%
5.2Port Moresby
47%
967Bangui
44%
1276Juba
42%
1056Kigali
42%
1024Gitega
30%
0.4Honiara
27%
1.1Ngerulmud
21%

Score Distribution

Percentile by Number Answered

Percent of People with Each Score

Your Score History

You have not taken this quiz